000 00465nam a2200181Ia 4500
005 20241220034945.0
008 240331s9999 xx 000 0 und d
020 _a0674853830
082 _bSUL
_a840
100 _aSuleiman, S.R
245 0 _aSubversive Intent :
_bgender, politics, and the avant-garde
260 _aLondon
_bHarvard University Press
_c1990
300 _aXviii, 276 p .,
650 _aGender
650 _aPolitics
650 _aSex
942 _cL
999 _c3400
_d3400